Učimsja katat'sja na rolikach ekipirovka, techniki, rekomendacii

Bibliographic Details
Main Author: Sauter, Uli (Author)
Format: Book
Language:Russian
PhysicalDescription:84 s. 25 cm
Published: Moskva Niola-Press 1997
ISBN:5893840315
Subjects:

MARC

LEADER 00000nam a2200000 a 4500
001 vtls001331823
003 SK-MaSNL
005 20260301235719.0
008 240314s1997 RU a rus
020 |a 5893840315  |c b.c. 
035 |a SNK000284715 
035 |a urn:nbn:sk:snk-amkhq4 
035 |a urn:nbn:sk:snk-am008gsq 
035 |a FBAD8154-39E8-4E41-A894-CF33F5BDC006 
040 |a SNK  |b slo  |c SNK  |e AACR2 
041 0 |a rus 
044 |a RU 
080 |a 796.69(084.12)  |2 1981 
100 1 |a Sauter, Uli  |4 aut  |9 633324 
245 1 0 |a Učimsja katat'sja na rolikach  |b ekipirovka, techniki, rekomendacii  |c Uli Zauter ; [perevod s nemeckogo A.V. Ručkina] 
260 |a Moskva  |b Niola-Press  |c 1997  |e [Martin  |f Neografia] 
300 |a 84 s.  |c 25 cm 
650 0 7 |a in-line korčuľovanie  |2 SNK  |9 62875 
650 0 7 |a korčule kolieskové  |x korčuľovanie  |x príručky  |2 SNK  |9 633325 
650 0 7 |a korčule kolieskové p. korčuľovanie in-line  |2 SNK  |9 633326 
919 |a 5-89384-031-5 
999 |c 976301  |d 978231 
952 |t P60, <03>, [BOOK], {603}  |a SNK  |b SNK  |y PREZ  |7 0  |p 17A0140779  |o snkSC 95886  |i snkKSP 5384/98  |0 0  |1 0  |4 0  |d 1998-05-21  |f 1  |l 0  |r 2025-09-12 00:00:00  |w 2026-02-24